Statistics for The Ultimate Eurovision Winners Quiz

Click here to take the quiz!

General Stats

  • This quiz has been taken 30 times
  • The average score is 131 of 208

Answer Stats

Winning YearWinning Country% Correct
1967 | 1969 | 1976 | +2 othersUnited Kingdom
100%
1982 | 2010Germany
96%
1963 | 2000 | 2013Denmark
93%
1978 | 1979 | 1998 | 2018Israel
93%
1964 | 1990 | 2021Italy
93%
1957 | 1959 | 1969 | +2 othersNetherlands
93%
2017Portugal
93%
1974 | 1984 | 1991 | +4 othersSweden
93%
1956 | 1988Switzerland
93%
2004 | 2016 | 2022Ukraine
93%
1986Belgium
89%
2006Finland
89%
1958 | 1960 | 1962 | +2 othersFrance
89%
1970 | 1980 | 1987 | +4 othersIreland
89%
1961 | 1965 | 1972 | +2 othersLuxembourg
89%
1985 | 1995 | 2009Norway
89%
2008Russia
89%
1968 | 1969Spain
89%
1966 | 2014Austria
85%
2011Azerbaijan
85%
2005Greece
81%
2002Latvia
81%
2007Serbia
81%
2001Estonia
78%
1989Yugoslavia
78%
Conchita Wurst
74%
Fairytale
74%
Loreen
74%
1971Monaco
74%
Only Teardrops
74%
Toy
74%
2003Turkey
74%
Alexander Rybak
70%
Arcade
70%
Céline Dion
70%
Euphoria
70%
Heroes
70%
Johnny Logan
70%
Måneskin
70%
1944
67%
ABBA
67%
Lena
67%
Stefania
67%
Tattoo
67%
Waterloo
67%
Hard Rock Hallelujah
63%
My Number One
63%
Netta
63%
Rise Like a Phoenix
63%
Satellite
63%
Take Me to Your Heaven
63%
What's Another Year
63%
Duncan Laurence
59%
Hold Me Now
59%
Jamala
59%
Molitva
59%
Sandra Kim
59%
Wild Dances
59%
Zitti e Buoni
59%
A-Ba-Ni-Bi
56%
All Kinds of Everything
56%
Carola
56%
Dana
56%
Kalush Orchestra
56%
Katrina and the Waves
56%
La, la, la
56%
Lordi
56%
Nocturne
56%
Puppet on a String
56%
Refrain
56%
Rock me
56%
Ruslana
56%
Boom Bang-a-Bang
52%
Bucks Fizz
52%
Charlotte Nilsson
52%
Diva
52%
Ein bißchen Frieden
52%
Everybody
52%
In Your Eyes
52%
Making Your Mind Up
52%
Måns Zelmerlöw
52%
Milk and Honey
52%
Nicole
52%
Olsen Brothers
52%
Salvador Sobral
52%
Sandie Shaw
52%
The Voice
52%
Believe
48%
Brotherhood of Man
48%
Dana International
48%
Ell and Nikki
48%
Emmelie de Forest
48%
Fångad av en Stormvind
48%
Fly on the Wings of Love
48%
Hallelujah
48%
Helena Paparizou
48%
I Wanna
48%
J'aime la Vie
48%
Love Shine a Light
48%
Lulu
48%
Ne Partez Pas Sans Moi
48%
Niamh Kavanagh
48%
Riva
48%
Running Scared
48%
Secret Garden
48%
Vivo Cantando
48%
Why Me?
48%
Bobbysocks!
44%
Dima Bilan
44%
Ding-a-Dong
44%
Eimear Quinn
44%
Everyway That I Can
44%
France Gall
44%
Herreys
44%
Insieme: 1992
44%
Linda Martin
44%
Lys Assia
44%
Marie N
44%
Massiel
44%
Rock 'n' Roll Kids
44%
Salomé
44%
Save Your Kisses for Me
44%
Séverine
44%
Teach-In
44%
Toto Cutugno
44%
Udo Jürgens
44%
Amar Pelos Dois
41%
Après Toi
41%
Corry Brokke
41%
Dansevise
41%
De Troubadour
41%
Diggi-Loo Diggi-Ley
41%
La Det Swinge
41%
Marie Myriam
41%
Marija Šerifović
41%
Paul Harrington & Charlie McGettigan
41%
Un Banc, un Arbre, une Rue
41%
Vicky Leandros
41%
Anne-Marie David
37%
Corinne Hermès
37%
Dors, Mon Amour
37%
Een Beetje
37%
Jean-Claude Pascal
37%
Lenny Kuhr
37%
L'oiseau et l'enfant
37%
Merci, Chérie
37%
Net Als Toen
37%
Nous les Amoureux
37%
Tom Pillibi
37%
Tu te Reconnaîtras
37%
André Claveau
33%
Gigliola Cinquetti
33%
Isabelle Aubret
33%
Jacqueline Boyer
33%
Non Ho l'età
33%
Poupée de Cire, Poupée de Son
33%
Sertab Erener
33%
Si la Vie est Cadeau
33%
Teddy Scholten
33%
Un Premier Amour
33%
Frida Boccara
30%
Izhar Cohen & the Alphabeta
30%
Un Jour, un Enfant
30%
Grethe & Jørgen Ingman
26%
Tanel Padar, Dave Benton & 2XL
26%

Score Distribution

Percentile by Number Answered

Percent of People with Each Score

Your Score History

You have not taken this quiz